| 000 | 00762nam a2200229Ia 4500 | ||
|---|---|---|---|
| 003 | OSt | ||
| 005 | 20241125085116.0 | ||
| 008 | 210716s2004 xx 000 0 und d | ||
| 020 | _a8178812606 | ||
| 040 | _cAIMIT LIBRARY | ||
| 041 | _aeng | ||
| 082 |
_a001.0726583 _21 _bREDS |
||
| 245 |
_aPerformance management : _bconcepts and cases/ _cEdited by Sumati Reddy. |
||
| 250 | _a1st ed. | ||
| 260 |
_aHyderabad : _bICFAI University Press , _c2004. |
||
| 300 |
_aix,184p. ; _bPB _c23.9 cm |
||
| 650 |
_aCompetence building for high performance _9186252 |
||
| 650 |
_aReproducing star performers _9186253 |
||
| 650 |
_aEffectiveness of pay- for -performance schemes _9186254 |
||
| 700 |
_aReddy, Sumati.,ed. _9186255 |
||
| 942 |
_2ddc _cBK _e1st _k001.0726583 REDS |
||
| 999 |
_c202403 _d202403 |
||